000 01250nac a22002891i 4500
003 EG-ScBUE
005 20260510131453.0
008 101109s1991 jo a frb 000 0 ara d
040 _aEG-ScBUE
_bara
_erda
_cEG-ScBUE
_dEG-ScBUE
082 0 4 _a530.124
_bغ ص ي
_222
100 1 _aغصيب، هشام،
_921092
_eمؤلف.
245 1 0 _aمدخل مبسط إلى مفهوم الحركة الموجية /
_cالدكتور هشام غصيب، الجمعية العلمية الملكية.
246 3 3 _aالحركة الموجية
250 _aالطبعة الأولى.
264 _aعمان، الأردن :
_bالجمعية العلمية الملكية،
_c1991.
300 _a178 صفحة :
_bإيضاحيات ؛
_c24 سم.
336 _2rdacontent
_aنص
_btxt
337 _aبدون وسيط
_2rdamedia
_bn
338 _aمجلد
_bnc
_2rdacarrier
490 0 _aمشروع الدراسات والبحوث العلمية
504 _aيشتمل على إرجاعات ببليوجرافية.
541 _aإهداء ؛
_cمكتبة الإسكندرية ؛
650 7 _aالميكانيكا الموجية.
_921542
_2BUEsh
650 7 _aالإحصاء الكمي.
_921543
_2BUEsh
655 _vReading book
942 _cBB
_k530.124 غ ص ي
_2ddc
999 _c6248
_d6248